Family life 101: (Record no. 881)

MARC details
000 -LEADER
fixed length control field 00622nam a22001817a 4500
005 - DATE AND TIME OF LATEST TRANSACTION
control field 20230203011948.0
008 - FIXED-LENGTH DATA ELEMENTS--GENERAL INFORMATION
fixed length control field 230203b |||||||| |||| 00| 0 eng d
082 ## - DEWEY DECIMAL CLASSIFICATION NUMBER
Classification number Fil. 306.85 G958 2014
100 ## - MAIN ENTRY--PERSONAL NAME
Personal name Guillermo, Clem E.
Relator term author
245 ## - TITLE STATEMENT
Title Family life 101:
Remainder of title relasyong mister at misis, usapang daddy at mommy /
Statement of responsibility, etc. Clem E. Guillermo, Bessie A. Rios
260 ## - PUBLICATION, DISTRIBUTION, ETC.
Place of publication, distribution, etc. Makati City:
Name of publisher, distributor, etc. Church Strenghtening Ministry,
Date of publication, distribution, etc. c2014.
300 ## - PHYSICAL DESCRIPTION
Extent 218p.;
Other physical details ill.
504 ## - BIBLIOGRAPHY, ETC. NOTE
Bibliography, etc. note Includes bibliographical references
541 ## - IMMEDIATE SOURCE OF ACQUISITION NOTE
Accession number 4689 c.1, 4690 c.2
650 ## - SUBJECT ADDED ENTRY--TOPICAL TERM
Topical term or geographic name entry element Family life
650 ## - SUBJECT ADDED ENTRY--TOPICAL TERM
Topical term or geographic name entry element Parenthood
700 ## - ADDED ENTRY--PERSONAL NAME
Personal name Rios, Bessie A.
Relator term author
Holdings
Withdrawn status Lost status Source of classification or shelving scheme Damaged status Not for loan Home library Current library Date acquired Total Checkouts Full call number Barcode Date last seen Copy number Price effective from Koha item type
    Dewey Decimal Classification     ctu-moalboal ctu-moalboal 05/06/2016   FIl. 306.85 G958 2014 4689 02/03/2023 1 02/03/2023 Books-Filipiniana
    Dewey Decimal Classification     ctu-moalboal ctu-moalboal 05/06/2016   FIl. 306.85 G958 2014 4690 02/03/2023 2 02/03/2023 Books-Filipiniana